Konkurenčná schopnosť kúpeľného podniku v ekonomike Slovenska
Silné a slabé stránky kúpelníctva na Slovensku. Inovačná aktivita kúpeľných podnikov na Slovensku. Hodnotenie dôležitosti konkurenčných výhod kúpeľných podnikov. Realizácia technologických inovácií v kúpeľných podnikoch. Prínosy realizácie inovácií v kúpeľných podnikoch. Zamestnanecké výhody poskyto...
Saved in:
| Main Author: | |
|---|---|
| Format: | Book Chapter |
| Language: | Slovak |
| Subjects: | |
| Tags: |
No Tags, Be the first to tag this record!
|
MARC
| LEADER | 00000naa$a2200000$$$4500 | ||
|---|---|---|---|
| 001 | 0049806 | ||
| 005 | 20240502083131.4 | ||
| 041 | 0 | |a slo | |
| 044 | |a CZ | ||
| 245 | 1 | 0 | |a Konkurenčná schopnosť kúpeľného podniku v ekonomike Slovenska |
| 520 | |a Silné a slabé stránky kúpelníctva na Slovensku. Inovačná aktivita kúpeľných podnikov na Slovensku. Hodnotenie dôležitosti konkurenčných výhod kúpeľných podnikov. Realizácia technologických inovácií v kúpeľných podnikoch. Prínosy realizácie inovácií v kúpeľných podnikoch. Zamestnanecké výhody poskytované zamestnancom kúpeľných podnikov. | ||
| 610 | 2 | 0 | |a konkurencieschopnosť |
| 610 | 2 | 0 | |a kúpeľníctvo |
| 610 | 2 | 0 | |a inovácia |
| 610 | 2 | 0 | |a ruch cestovný kúpeľný |
| 610 | 2 | 0 | |a Slovensko |
| 610 | 2 | 0 | |a výhody konkurenčné |
| 610 | 2 | 0 | |a starostlivosť zdravotná |
| 610 | 2 | 0 | |a starostlivosť o pracovníkov |
| 100 | 1 | |a Kubičková, Viera, 1970- | |